| 000 | 00566nam a2200181Ia 4500 | ||
|---|---|---|---|
| 008 | 090711s9999 xx 000 0 und d | ||
| 082 | _b76135 | ||
| 100 | _aमेरेडिथ जॉर्ज | ||
| 245 | _aएक अरबी कहाणी | ||
| 260 | _c1993 | ||
| 300 | _a255 | ||
| 600 | _aमेरेडिथ जॉर्ज | ||
| 630 | _aएक अरबी कहाणी | ||
| 700 | _aमेरेडिथ जॉर्ज | ||
| 700 | _aकुलकर्णी जी. ए. | ||
| 730 | _aएक अरबी कहाणी | ||
| 942 | _cBOOK | ||
| 999 |
_c298298 _d298298 |
||